[Event "Nordic ch"]
[Site "Torshavn"]
[Date "1987.??.??"]
[Round "?"]
[White "Arnason, Jon"]
[Black "Olafsson, Helgi"]
[Result "1/2-1/2"]
[WhiteElo "2555"]
[BlackElo "2540"]
[PlyCount "21"]
[EventDate "1987.??.??"]

1. e4 c5 2. Nf3 d6 3. d4 cxd4 4. Nxd4 Nf6 5. Nc3 a6 6. f4 e5 7. Nf3 Nbd7 8. a4
Be7 9. Bd3 O-O 10. O-O Nc5 11. Kh1 1/2-1/2

[Event "Nordic ch"]
[Site "Torshavn"]
[Date "1987.??.??"]
[Round "?"]
[White "Arnason, Jon"]
[Black "Ostenstad, Berge"]
[Result "0-1"]
[WhiteElo "2555"]
[BlackElo "2410"]
[PlyCount "78"]
[EventDate "1987.??.??"]

1. e4 c6 2. d4 d5 3. Nd2 dxe4 4. Nxe4 Nd7 5. Ng5 e6 6. Bd3 Ngf6 7. N1f3 Bd6 8.
Qe2 h6 9. Nxe6 fxe6 10. Bg6+ Ke7 11. O-O Nf8 12. Bd3 Bd7 13. Ne5 Qe8 14. f4 Kd8
15. c4 Kc7 16. Bd2 Rc8 17. c5 Be7 18. f5 Kb8 19. Rae1 Bd8 20. Bc4 exf5 21. Bf7
Qe7 22. Qd3 Ne4 23. g4 Bc7 24. gxf5 Bxe5 25. Rxe4 Bxh2+ 26. Kxh2 Qxf7 27. d5
cxd5 28. Qg3+ Ka8 29. Rg4 g6 30. Bc3 Rg8 31. Bd4 Bxf5 32. Qa3 Qc7+ 33. Rg3 Ne6
34. Bg1 h5 35. Kg2 Be4+ 36. Kf2 Rgf8+ 37. Ke1 Rxf1+ 38. Kxf1 Qf4+ 39. Ke1 Qc1+
0-1

[Event "Nordic ch"]
[Site "Torshavn"]
[Date "1987.??.??"]
[Round "?"]
[White "Arnason, Jon"]
[Black "Wedberg, Tom"]
[Result "1-0"]
[WhiteElo "2555"]
[BlackElo "2475"]
[PlyCount "109"]
[EventDate "1987.??.??"]

1. e4 e5 2. Nf3 Nc6 3. Bb5 a6 4. Ba4 Nf6 5. O-O Nxe4 6. d4 b5 7. Bb3 d5 8. dxe5
Be6 9. c3 Nc5 10. Bc2 Bg4 11. Nbd2 Be7 12. Re1 O-O 13. Nf1 Bh5 14. Ng3 Bg6 15.
Nf5 Qd7 16. g4 Rad8 17. h4 h5 18. N3d4 Nxd4 19. cxd4 Ne4 20. f3 Bxf5 21. gxf5
Bxh4 22. fxe4 Bxe1 23. Qxe1 dxe4 24. Be3 Qxf5 25. Qh4 Qg4+ 26. Qxg4 hxg4 27.
Bxe4 f5 28. Bc2 f4 29. Bb3+ Kh7 30. e6 fxe3 31. e7 Rfe8 32. exd8=Q Rxd8 33. d5
Re8 34. Re1 Kg6 35. Kf1 Kg5 36. Ke2 Re7 37. Bd1 Kf4 38. Kd3 g3 39. Rf1+ Kg5 40.
Bf3 g6 41. Bg2 Kg4 42. Ke2 Re5 43. Rf6 Kg5 44. Rf3 Kh4 45. Rf7 Rf5 46. Rxf5
gxf5 47. Kxe3 Kg4 48. b4 f4+ 49. Ke4 f3 50. Bxf3+ Kh3 51. Kd4 g2 52. Bxg2+ Kxg2
53. Kc5 Kf3 54. Kc6 Ke4 55. a3 1-0

[Event "Nordic ch"]
[Site "Torshavn"]
[Date "1987.??.??"]
[Round "?"]
[White "Hansen, Curt"]
[Black "Arnason, Jon"]
[Result "1-0"]
[WhiteElo "2550"]
[BlackElo "2555"]
[PlyCount "75"]
[EventDate "1987.??.??"]

1. c4 e5 2. Nc3 d6 3. g3 g6 4. Bg2 Bg7 5. e3 Nc6 6. Nge2 Nge7 7. Rb1 Be6 8. Nd5
a5 9. O-O Qd7 10. Nec3 O-O 11. d3 Nd8 12. Nxe7+ Qxe7 13. Nd5 Qd7 14. Bd2 Ra7
15. Rc1 c6 16. Nb6 Qc7 17. Na4 b6 18. d4 Qb8 19. dxe5 dxe5 20. b3 Bf5 21. Qe2
h5 22. e4 Bc8 23. Be3 Rb7 24. f4 Ne6 25. c5 b5 26. Nb6 Bh6 27. Qf2 Kg7 28. Rcd1
Qc7 29. a3 f5 30. Qb2 Kh7 31. exf5 gxf5 32. Nxc8 exf4 33. Nd6 fxe3 34. Qc2 Nxc5
35. Rxf5 Kh8 36. Rxc5 Rf2 37. Qc3+ Qg7 38. Nxb7 1-0

[Event "Nordic ch"]
[Site "Torshavn"]
[Date "1987.??.??"]
[Round "?"]
[White "Hansen, Curt"]
[Black "Olafsson, Helgi"]
[Result "1-0"]
[WhiteElo "2550"]
[BlackElo "2540"]
[PlyCount "81"]
[EventDate "1987.??.??"]

1. c4 Nf6 2. Nc3 e5 3. Nf3 Nc6 4. g3 Bb4 5. Nd5 Nxd5 6. cxd5 Nd4 7. Nxd4 exd4
8. Qc2 Qe7 9. Bg2 Bc5 10. b4 Bxb4 11. Qxc7 O-O 12. Qc4 Re8 13. O-O Bc5 14. Bb2
d6 15. e3 dxe3 16. fxe3 Bd7 17. Rf4 Rac8 18. Qd3 a6 19. a4 Qg5 20. Be4 Rxe4 21.
Qxe4 Re8 22. Qf3 Qg6 23. Rf1 f6 24. Bxf6 Bh3 25. Bc3 Bxf1 26. Rg4 Bd3 27. Rxg6
hxg6 28. h4 b5 29. axb5 axb5 30. h5 gxh5 31. Qxh5 Re7 32. Qg4 Rf7 33. Bb4 Bf5
34. Qh4 Bd3 35. Bxc5 dxc5 36. Qd8+ Kh7 37. d6 Rf1+ 38. Kg2 Rd1 39. d7 Rxd2+ 40.
Kf3 Be2+ 41. Kf4 1-0

[Event "Nordic ch"]
[Site "Torshavn"]
[Date "1987.??.??"]
[Round "?"]
[White "Hansen, Curt"]
[Black "Petursson, M"]
[Result "1/2-1/2"]
[WhiteElo "2550"]
[BlackElo "2490"]
[PlyCount "55"]
[EventDate "1987.??.??"]

1. d4 d5 2. c4 c6 3. Nc3 Nf6 4. e3 g6 5. Nf3 Bg7 6. Bd3 O-O 7. O-O Nbd7 8. Bd2
dxc4 9. Bxc4 c5 10. Qe2 a6 11. Ne5 Qc7 12. f4 b5 13. Bb3 Bb7 14. Rad1 Rad8 15.
Be1 cxd4 16. exd4 Nb6 17. f5 Nbd5 18. Kh1 Nxc3 19. bxc3 Bd5 20. Rd3 Qb7 21. Re3
Bxb3 22. axb3 b4 23. c4 Rxd4 24. Nd3 Re4 25. Bxb4 Rxe3 26. Qxe3 Rd8 27. Ba5 Rc8
28. fxg6 1/2-1/2

[Event "Nordic ch"]
[Site "Torshavn"]
[Date "1987.??.??"]
[Round "?"]
[White "Hansen, Curt"]
[Black "Tisdall, J"]
[Result "1-0"]
[WhiteElo "2550"]
[BlackElo "2450"]
[PlyCount "73"]
[EventDate "1987.??.??"]

1. c4 e6 2. d4 Nf6 3. g3 c5 4. Nf3 cxd4 5. Nxd4 d5 6. Bg2 e5 7. Nf3 d4 8. O-O
Nc6 9. e3 Bc5 10. exd4 exd4 11. Nbd2 O-O 12. Nb3 Qb6 13. Bg5 Be6 14. Bxf6 gxf6
15. Ne1 Rfd8 16. Nd3 Bf8 17. c5 Qb5 18. Re1 Ne5 19. Nxe5 fxe5 20. Rxe5 Bg7 21.
Rxe6 fxe6 22. Be4 d3 23. Qh5 h6 24. Qg6 d2 25. Qg4 a5 26. Rd1 Ra6 27. c6 bxc6
28. Qxe6+ Kf8 29. Rxd2 Rxd2 30. Nxd2 c5 31. Qc8+ Ke7 32. a4 Qb6 33. Nc4 Qe6 34.
Qxc5+ Ke8 35. Bd5 Qd7 36. Nxa5 Bf8 37. Qc4 1-0

[Event "Nordic ch"]
[Site "Torshavn"]
[Date "1987.??.??"]
[Round "?"]
[White "Hansen, Curt"]
[Black "Valkesalmi, K"]
[Result "0-1"]
[WhiteElo "2550"]
[BlackElo "2405"]
[PlyCount "84"]
[EventDate "1987.??.??"]

1. c4 f5 2. g3 d6 3. Bg2 Nf6 4. Nc3 g6 5. d3 Bg7 6. e4 e5 7. Nge2 O-O 8. O-O
Nc6 9. exf5 Bxf5 10. h3 Kh8 11. Be3 Qd7 12. Kh2 Be6 13. Qb3 Rab8 14. Qa4 a6 15.
Rac1 Nd4 16. Qxd7 Nxd7 17. f4 Nc5 18. Rcd1 Bg8 19. fxe5 Rxf1 20. Rxf1 Nxe2 21.
Nxe2 Nxd3 22. Ba7 Re8 23. Bxb7 Nxe5 24. b3 c5 25. Bg2 Nxc4 26. Rf2 Ne3 27. Bc6
Rc8 28. Bh1 Nd5 29. Nf4 Nxf4 30. gxf4 d5 31. Rc2 c4 32. bxc4 dxc4 33. Kg3 c3
34. Be4 Bc4 35. Kf3 Rd8 36. Ke3 Rd1 37. Bb6 Re1+ 38. Kf3 Rf1+ 39. Ke3 Re1+ 40.
Kf3 Ra1 41. Ke3 Bxa2 42. Ba5 Re1+ 0-1

[Event "Nordic ch"]
[Site "Torshavn"]
[Date "1987.??.??"]
[Round "?"]
[White "Maki, V"]
[Black "Hansen, Curt"]
[Result "1/2-1/2"]
[WhiteElo "2340"]
[BlackElo "2550"]
[PlyCount "71"]
[EventDate "1987.??.??"]

1. g3 g6 2. Bg2 Bg7 3. c4 e5 4. Nc3 d6 5. e3 Nc6 6. Rb1 Be6 7. d3 Qd7 8. Bd2
Nge7 9. Nd5 Nc8 10. h4 h6 11. h5 g5 12. f4 gxf4 13. gxf4 Nd8 14. e4 f5 15. Nf3
c6 16. Nh4 fxe4 17. f5 Bg8 18. dxe4 cxd5 19. cxd5 Bf6 20. Ng6 Rh7 21. Rc1 Nf7
22. Rh3 Ng5 23. Rhc3 Nb6 24. Qc2 Bd8 25. b3 Rf7 26. a4 Rb8 27. Be3 Nxd5 28.
exd5 Ba5 29. Ke2 Bxc3 30. Qxc3 Qxf5 31. Qb4 Rd7 32. Nh4 Qf7 33. Ng6 Qf5 34. Nh4
Qf7 35. Ng6 Qf5 36. Nh4 1/2-1/2

[Event "Nordic ch"]
[Site "Torshavn"]
[Date "1987.??.??"]
[Round "?"]
[White "Maki, V"]
[Black "Mortensen, Erling"]
[Result "1/2-1/2"]
[WhiteElo "2340"]
[BlackElo "2450"]
[PlyCount "62"]
[EventDate "1987.??.??"]

1. e4 c5 2. Nf3 e6 3. b3 Nf6 4. e5 Nd5 5. Bb2 Be7 6. c4 Nb4 7. a3 N4c6 8. Nc3
d6 9. exd6 Bxd6 10. Ne4 e5 11. b4 Bf5 12. Bd3 Bg6 13. Nxd6+ Qxd6 14. Bxg6 hxg6
15. Qe2 O-O 16. O-O Nd7 17. Qe4 Rfe8 18. Qh4 f6 19. Qe4 Kf7 20. Rfe1 b6 21. Bc3
Rad8 22. b5 Nd4 23. a4 Qe6 24. Bxd4 cxd4 25. Qc2 Nc5 26. Rxe5 Qg4 27. Ree1 d3
28. Qc3 g5 29. a5 Qf4 30. h3 Ne4 31. Qb2 Nd6 1/2-1/2

[Event "Nordic ch"]
[Site "Torshavn"]
[Date "1987.??.??"]
[Round "?"]
[White "Maki, V"]
[Black "Petursson, M"]
[Result "1/2-1/2"]
[WhiteElo "2340"]
[BlackElo "2490"]
[PlyCount "79"]
[EventDate "1987.??.??"]

1. e4 c5 2. Nf3 Nc6 3. d4 cxd4 4. Nxd4 g6 5. c4 Bg7 6. Be3 Nf6 7. Nc3 O-O 8.
Be2 d6 9. O-O Bd7 10. Qd2 a5 11. Ndb5 a4 12. f3 Qa5 13. Rfc1 Rfc8 14. Rab1 Be6
15. Nd5 Qxd2 16. Bxd2 Nxd5 17. cxd5 Nd4 18. Bd3 Bd7 19. Na3 f5 20. Kf2 fxe4 21.
Bxe4 b5 22. g4 Rab8 23. Bb4 Be5 24. Rxc8+ Rxc8 25. Ke3 e6 26. f4 Bg7 27. Bxd6
exd5 28. Bxd5+ Kh8 29. Rd1 Nc2+ 30. Nxc2 Rxc2 31. Be4 Rc8 32. Be5 Bxg4 33. Rd5
Be6 34. Rxb5 Bxa2 35. Rb7 Bxe5 36. fxe5 Re8 37. Kd4 Rd8+ 38. Ke3 Re8 39. Kd4
Rd8+ 40. Ke3 1/2-1/2

[Event "Nordic ch"]
[Site "Torshavn"]
[Date "1987.??.??"]
[Round "?"]
[White "Maki, V"]
[Black "Schneider, Lars Ake"]
[Result "1/2-1/2"]
[WhiteElo "2340"]
[BlackElo "2435"]
[PlyCount "82"]
[EventDate "1987.??.??"]

1. e4 e5 2. Nf3 Nc6 3. Bb5 a6 4. Ba4 Nf6 5. O-O Be7 6. Re1 b5 7. Bb3 d6 8. c3
O-O 9. h3 Nd7 10. d4 Nb6 11. Nbd2 exd4 12. cxd4 Nb4 13. Nf1 c5 14. a3 Nc6 15.
Be3 Na5 16. Bc2 Nbc4 17. Bc1 cxd4 18. Nxd4 Bf6 19. Rb1 Qb6 20. Ne2 b4 21. Ne3
Be6 22. Nd5 Bxd5 23. Qxd5 Rac8 24. Qd1 Qc5 25. axb4 Qxb4 26. Nf4 Be5 27. Nd5
Qb7 28. b4 Nc6 29. f4 Bd4+ 30. Kh1 g6 31. Bb3 Nb6 32. Bd2 Nxd5 33. Bxd5 Qb5 34.
Qf3 Bg7 35. Rec1 Nd4 36. Qe3 Nc2 37. Qb3 Nd4 38. Bxf7+ Kh8 39. Qe3 Nc2 40. Qb3
Nd4 41. Qe3 Nc2 1/2-1/2

[Event "Nordic ch"]
[Site "Torshavn"]
[Date "1987.??.??"]
[Round "?"]
[White "Mortensen, Erling"]
[Black "Arnason, Jon"]
[Result "1-0"]
[WhiteElo "2450"]
[BlackElo "2555"]
[PlyCount "80"]
[EventDate "1987.??.??"]

1. e4 c5 2. Nf3 d6 3. d4 cxd4 4. Nxd4 Nf6 5. Nc3 e6 6. g3 Nc6 7. Bg2 Bd7 8. Be3
Be7 9. O-O O-O 10. Qe2 a6 11. Rad1 Qc7 12. f4 Rac8 13. f5 Nxd4 14. Bxd4 e5 15.
Be3 Qc4 16. Rd3 b5 17. a3 a5 18. b3 Qc7 19. Rf2 Bc6 20. g4 b4 21. axb4 axb4 22.
g5 bxc3 23. gxf6 Bxf6 24. Rxc3 Qb7 25. Qg4 h5 26. Qxh5 Bxe4 27. Rd3 d5 28. Bxe4
dxe4 29. Rd6 Qb4 30. Qd1 Rfd8 31. Rxd8+ Rxd8 32. Rd2 Ra8 33. Rd7 Qc3 34. Qd2
Rc8 35. b4 Qb2 36. Bc5 e3 37. Qd5 Qb1+ 38. Qd1 Qa2 39. Bxe3 Rxc2 40. Ra7 40...
Rg2+ {time} 1-0

[Event "Nordic ch"]
[Site "Torshavn"]
[Date "1987.??.??"]
[Round "?"]
[White "Mortensen, Erling"]
[Black "Ostenstad, Berge"]
[Result "1-0"]
[WhiteElo "2450"]
[BlackElo "2410"]
[PlyCount "73"]
[EventDate "1987.??.??"]

1. e4 c6 2. d4 d5 3. exd5 cxd5 4. c4 Nf6 5. Nc3 e6 6. Nf3 Be7 7. cxd5 Nxd5 8.
Bd3 O-O 9. O-O Nf6 10. Re1 Nc6 11. a3 b6 12. Bc2 Ba6 13. b4 Rc8 14. Bb2 Bc4 15.
Qd2 Nd5 16. Ne4 a5 17. bxa5 Nxa5 18. Qd1 Ba6 19. Ne5 Nc4 20. Nxc4 Bxc4 21. Nd2
Ba6 22. Nf3 Qd6 23. Ne5 Bg5 24. Bb3 Rc7 25. Qh5 Bd2 26. Red1 Ba5 27. Rac1 Nf4
28. Rxc7 Nxh5 29. Rd7 Qb8 30. Rxf7 Rxf7 31. Bxe6 Nf4 32. Bxf7+ Kh8 33. d5 Ne2+
34. Kh1 Nc3 35. Re1 Qf8 36. Re3 Nd1 37. Ng6+ 1-0

[Event "Nordic ch"]
[Site "Torshavn"]
[Date "1987.??.??"]
[Round "?"]
[White "Mortensen, Erling"]
[Black "Tisdall, J"]
[Result "1-0"]
[WhiteElo "2450"]
[BlackElo "2450"]
[PlyCount "65"]
[EventDate "1987.??.??"]

1. e4 e6 2. Nf3 d5 3. e5 c5 4. b4 cxb4 5. a3 Nh6 6. axb4 Bxb4 7. c3 Be7 8. d4
Nf5 9. Bd3 Nc6 10. g4 Nh4 11. Nxh4 Bxh4 12. O-O f5 13. gxf5 exf5 14. Qh5+ g6
15. Qh6 Kf7 16. Na3 Be7 17. Nb5 Be6 18. Ba3 Bg5 19. Nd6+ Qxd6 20. Qxg5 Qd8 21.
Qh6 a6 22. Rfb1 b5 23. Bc1 Ra7 24. Ra2 Ke8 25. Rba1 Qb6 26. Qh4 Rf8 27. Ba3 b4
28. Bxb4 Nxb4 29. cxb4 Qxb4 30. Rxa6 Rxa6 31. Rxa6 Bc8 32. Ra8 Qb7 33. Bb5+ 1-0

[Event "Nordic ch"]
[Site "Torshavn"]
[Date "1987.??.??"]
[Round "?"]
[White "Mortensen, Erling"]
[Black "Valkesalmi, K"]
[Result "1/2-1/2"]
[WhiteElo "2450"]
[BlackElo "2405"]
[PlyCount "81"]
[EventDate "1987.??.??"]

1. e4 e5 2. Nf3 Nc6 3. Bb5 f5 4. Nc3 fxe4 5. Nxe4 Nf6 6. Qe2 d5 7. Nxf6+ gxf6
8. d4 Bg7 9. dxe5 O-O 10. Bxc6 bxc6 11. e6 Re8 12. O-O Bxe6 13. Nd4 Qd7 14. Qd3
c5 15. Nxe6 Rxe6 16. c4 c6 17. Be3 Bf8 18. Rad1 d4 19. Bd2 Rae8 20. Rfe1 Rxe1+
21. Rxe1 Rxe1+ 22. Bxe1 Bh6 23. Kf1 f5 24. h3 Bf4 25. g3 Bh6 26. f3 Be3 27. g4
Qd6 28. gxf5 Qh2 29. Qe4 Qxh3+ 30. Ke2 Qh2+ 31. Kd1 Qxb2 32. Qe6+ Kf8 33. f6
Qb1+ 34. Ke2 Qc2+ 35. Kf1 Qd3+ 36. Kg2 Qe2+ 37. Kh3 Qxf3+ 38. Bg3 Qh5+ 39. Kg2
Qe2+ 40. Kh3 Qh5+ 41. Kg2 1/2-1/2

[Event "Nordic ch"]
[Site "Torshavn"]
[Date "1987.??.??"]
[Round "?"]
[White "Mortensen, Erling"]
[Black "Wedberg, Tom"]
[Result "1/2-1/2"]
[WhiteElo "2450"]
[BlackElo "2475"]
[PlyCount "130"]
[EventDate "1987.??.??"]

1. e4 e5 2. Nf3 Nc6 3. Bb5 a6 4. Ba4 Nf6 5. O-O Nxe4 6. d4 b5 7. Bb3 d5 8. dxe5
Be6 9. c3 Nc5 10. Bc2 Bg4 11. Re1 Be7 12. Nbd2 O-O 13. Nf1 d4 14. h3 Bh5 15. g4
d3 16. gxh5 dxc2 17. Qxc2 f6 18. exf6 Rxf6 19. Rd1 Qe8 20. Ng5 Qxh5 21. Ng3 Qg6
22. Qxg6 Rxg6 23. Rd5 h6 24. b4 Rd8 25. Rxd8+ Bxd8 26. bxc5 Bxg5 27. Kf1 Bxc1
28. Rxc1 Rg5 29. Ne4 Re5 30. f3 Kf7 31. Kf2 Rh5 32. Kg3 Rd5 33. Kf2 Ne5 34. Rc2
Nd3+ 35. Ke3 Nxc5 36. c4 bxc4 37. Rxc4 Ne6 38. Ra4 a5 39. Nd2 Nd8 40. Nb3 Nb7
41. Rc4 c5 42. h4 Rh5 43. Ra4 Nd6 44. Rf4+ Ke6 45. Nxa5 Nf5+ 46. Ke4 Nxh4 47.
Nc4 Nf5 48. Rg4 g5 49. f4 Nd6+ 50. Nxd6 Kxd6 51. fxg5 Rxg5 52. Rf4 Re5+ 53. Kd3
Kd5 54. Rf8 Rh5 55. Rd8+ Kc6 56. Rc8+ Kb7 57. Rh8 Rh4 58. Kc3 h5 59. Rh6 Kc7
60. a4 Kb7 61. a5 Kb8 62. Rc6 Rh1 63. Kb2 Rh2+ 64. Kb3 Rh3+ 65. Kb2 Rh2+
1/2-1/2

[Event "Nordic ch"]
[Site "Torshavn"]
[Date "1987.??.??"]
[Round "?"]
[White "Olafsson, Helgi"]
[Black "Maki, V"]
[Result "1-0"]
[WhiteElo "2540"]
[BlackElo "2340"]
[PlyCount "125"]
[EventDate "1987.??.??"]

1. d4 Nf6 2. c4 d6 3. Nc3 Nbd7 4. e4 e5 5. Nge2 c6 6. d5 Nc5 7. Ng3 a5 8. Be2
Be7 9. Be3 g6 10. f3 h5 11. Qd2 h4 12. Nf1 a4 13. Rb1 Nh5 14. g3 f5 15. exf5
gxf5 16. f4 e4 17. b4 axb3 18. axb3 Nf6 19. b4 Nd3+ 20. Bxd3 exd3 21. Bd4 Kf7
22. Qxd3 Ra3 23. Qc2 Bd7 24. Rg1 h3 25. Ne3 Re8 26. Kd1 cxd5 27. Nxf5 Bf8 28.
g4 Ne4 29. Kc1 Bxf5 30. gxf5 Nxc3 31. Bxc3 Qh4 32. Kb2 Rea8 33. Ra1 Rxa1 34.
Rxa1 Rxa1 35. Kxa1 Qxf4 36. Qd3 Qxc4 37. Qxh3 Qa6+ 38. Kb1 Qc4 39. Qh7+ Ke8 40.
Qg6+ Kd7 41. Qe6+ Kc7 42. Kb2 Kb6 43. Qe3+ Kc7 44. Qe6 Kb6 45. f6 Qe4 46. Qxe4
dxe4 47. Bd2 Kc6 48. h4 Kd5 49. h5 Ke6 50. h6 Kxf6 51. h7 Bg7 52. Bc3+ Kf7 53.
h8=Q Bxh8 54. Bxh8 Ke6 55. Kc3 Kd5 56. Bg7 Ke6 57. Bh6 Kd5 58. Bf4 Kc6 59. Kd4
d5 60. Bd2 Kd6 61. b5 Kc7 62. Kxd5 Kb6 63. Kc4 1-0

[Event "Nordic ch"]
[Site "Torshavn"]
[Date "1987.??.??"]
[Round "?"]
[White "Olafsson, Helgi"]
[Black "Valkesalmi, K"]
[Result "1/2-1/2"]
[WhiteElo "2540"]
[BlackElo "2405"]
[PlyCount "36"]
[EventDate "1987.??.??"]

1. d4 d5 2. c4 e6 3. Nf3 c6 4. Qc2 f5 5. Bg5 Nf6 6. Nc3 Be7 7. e3 O-O 8. Be2
Ne4 9. Bxe7 Qxe7 10. O-O Nd7 11. Rad1 Rf6 12. Nxe4 fxe4 13. Nd2 Rh6 14. g3 Qg5
15. Qc3 Rh3 16. f3 Rxg3+ 17. hxg3 Qxg3+ 18. Kh1 Qh3+ 1/2-1/2

[Event "Nordic ch"]
[Site "Torshavn"]
[Date "1987.??.??"]
[Round "?"]
[White "Ostenstad, Berge"]
[Black "Hansen, Curt"]
[Result "1-0"]
[WhiteElo "2410"]
[BlackElo "2550"]
[PlyCount "81"]
[EventDate "1987.??.??"]

1. d4 Nf6 2. Nf3 g6 3. c4 Bg7 4. Nc3 d5 5. cxd5 Nxd5 6. e4 Nxc3 7. bxc3 c5 8.
Bb5+ Nc6 9. O-O O-O 10. Be3 Qa5 11. Qb3 cxd4 12. cxd4 Bg4 13. Rad1 e6 14. Be2
Rad8 15. d5 exd5 16. Rxd5 Qc7 17. Qc2 Rc8 18. Rc1 Rfe8 19. Qb1 Be6 20. Rdd1 a6
21. Ng5 Qe7 22. Nxe6 fxe6 23. Qb6 Qc7 24. Qxc7 Rxc7 25. Bb6 Rcc8 26. Rd7 Re7
27. Rcd1 Rce8 28. h4 Bf6 29. g3 Rf7 30. f4 Bc3 31. Bc4 Ba5 32. Bf2 Nd8 33. Bc5
b5 34. Bb3 Nb7 35. Bf2 Bb4 36. f5 Nc5 37. Rxf7 Kxf7 38. Bxc5 Bxc5+ 39. Kg2 Ke7
40. Bxe6 Rd8 41. f6+ 1-0

[Event "Nordic ch"]
[Site "Torshavn"]
[Date "1987.??.??"]
[Round "?"]
[White "Ostenstad, Berge"]
[Black "Maki, V"]
[Result "0-1"]
[WhiteElo "2410"]
[BlackElo "2340"]
[PlyCount "110"]
[EventDate "1987.??.??"]

1. d4 Nf6 2. Nf3 g6 3. c4 Bg7 4. Nc3 d6 5. e4 O-O 6. Be2 e5 7. O-O Nc6 8. d5
Ne7 9. Nd2 a5 10. Rb1 Nd7 11. a3 f5 12. b4 b6 13. Nb3 Nf6 14. Bd3 axb4 15. axb4
fxe4 16. Nxe4 Nxe4 17. Bxe4 Nf5 18. g3 Bd7 19. Qd3 Qf6 20. Bb2 Ra4 21. Qd2 Ra2
22. Nc1 Ra4 23. Nd3 g5 24. f3 Ra2 25. Ra1 Rfa8 26. Bxe5 Rxd2 27. Rxa8+ Qf8 28.
Rxf8+ Kxf8 29. Bxg7+ Kxg7 30. Nf2 Rb2 31. Rb1 Rxb1+ 32. Bxb1 Ne3 33. Ba2 Nc2
34. b5 Ne1 35. f4 gxf4 36. gxf4 Bf5 37. Kf1 Nf3 38. Kg2 Nd4 39. Nd1 Ne2 40. Ne3
Be4+ 41. Kf2 Nc1 42. c5 Nxa2 43. cxb6 cxb6 44. Nc4 Nc3 45. Nxd6 Bxd5 46. Ke3
Kf6 47. Nc8 Bb7 48. Nxb6 Nd5+ 49. Nxd5+ Bxd5 50. Kd4 Bh1 51. Kc5 Kf5 52. Kd6 h5
53. Ke7 h4 54. Kf7 Bd5+ 55. Kg7 h3 0-1

[Event "Nordic ch"]
[Site "Torshavn"]
[Date "1987.??.??"]
[Round "?"]
[White "Ostenstad, Berge"]
[Black "Petursson, M"]
[Result "0-1"]
[WhiteElo "2410"]
[BlackElo "2490"]
[PlyCount "80"]
[EventDate "1987.??.??"]

1. d4 Nf6 2. Nf3 e6 3. g3 c5 4. Bg2 Nc6 5. O-O cxd4 6. Nxd4 Qb6 7. Nb3 d5 8.
Nc3 Be7 9. e4 d4 10. Ne2 e5 11. c3 Bg4 12. cxd4 exd4 13. h3 Bh5 14. g4 Bg6 15.
Ng3 Nd7 16. f4 f6 17. Nf5 Bxf5 18. exf5 O-O 19. Kh1 Rfd8 20. g5 Kh8 21. Qd3 a5
22. a4 Bb4 23. Qb5 Qc7 24. Bd2 Re8 25. Bxb4 axb4 26. Rac1 fxg5 27. Nxd4 gxf4
28. Nxc6 f3 29. Bxf3 bxc6 30. Qxc6 Qg3 31. Bg2 Ne5 32. Qd6 Rad8 33. Qxb4 Nd3
34. Qg4 Nf2+ 35. Rxf2 Qxf2 36. a5 Re1+ 37. Rxe1 Qxe1+ 38. Kh2 Qxa5 39. b4 Qe5+
40. Qg3 Qxf5 0-1

[Event "Nordic ch"]
[Site "Torshavn"]
[Date "1987.??.??"]
[Round "?"]
[White "Ostenstad, Berge"]
[Black "Schneider, Lars Ake"]
[Result "0-1"]
[WhiteElo "2410"]
[BlackElo "2435"]
[PlyCount "122"]
[EventDate "1987.??.??"]

1. d4 Nf6 2. c4 e6 3. Nf3 Bb4+ 4. Nbd2 d5 5. e3 O-O 6. a3 Be7 7. Bd3 b6 8. O-O
Bb7 9. cxd5 exd5 10. b4 Nbd7 11. Bb2 Re8 12. Ne5 Bd6 13. Ndf3 a6 14. Bf5 Nf8
15. Ng5 Re7 16. Ng4 Nxg4 17. Qxg4 Bc8 18. Rac1 h6 19. Nf3 Re4 20. Qh3 Ne6 21.
g4 h5 22. Bxe4 dxe4 23. Ne5 hxg4 24. Qh5 g6 25. Nxg6 fxg6 26. Qxg6+ Ng7 27.
Qxe4 Bf5 28. Qg2 Qe8 29. Rc3 Rd8 30. Re1 Qe4 31. Qxe4 Bxe4 32. Rec1 Rd7 33. a4
Nf5 34. b5 axb5 35. axb5 Bxh2+ 36. Kf1 Rf7 37. Ke1 Nh4 38. d5 Ng2+ 39. Ke2 Bxd5
40. Ra3 Bf3+ 41. Kd3 Nh4 42. Ra4 Nf5 43. e4 Rd7+ 44. Kc2 Ng7 45. Re1 Bf4 46.
Ra8+ Kf7 47. Bc3 Ne6 48. Rh8 Nc5 49. Rh7+ Ke6 50. Rxd7 Kxd7 51. e5 Ke6 52. Bd4
Be4+ 53. Kc3 Bxe5 54. Bxe5 Kxe5 55. Rd1 Bf3 56. Re1+ Ne4+ 57. Kd3 Kd5 58. Rc1
Nxf2+ 59. Ke3 Nd1+ 60. Kf4 Kd6 61. Rc2 Kd7 0-1

[Event "Nordic ch"]
[Site "Torshavn"]
[Date "1987.??.??"]
[Round "?"]
[White "Petursson, M"]
[Black "Arnason, Jon"]
[Result "1-0"]
[WhiteElo "2490"]
[BlackElo "2555"]
[PlyCount "67"]
[EventDate "1987.??.??"]

1. d4 Nf6 2. c4 e6 3. Nc3 Bb4 4. e3 O-O 5. Bd3 d5 6. cxd5 exd5 7. Nge2 Re8 8.
O-O Bf8 9. a3 a5 10. f3 c5 11. Kh1 Nc6 12. Bc2 cxd4 13. exd4 Ne7 14. Bg5 Ra6
15. Bd3 Re6 16. Qd2 h6 17. Bh4 g5 18. Bg3 Ng6 19. f4 Nxf4 20. Nxf4 gxf4 21.
Bxf4 Ng4 22. Bf5 Rc6 23. Bxc8 Qxc8 24. h3 Nf6 25. Be5 Bg7 26. Bxf6 Bxf6 27.
Nxd5 Bg7 28. Ne3 a4 29. Nf5 Rc2 30. Qf4 Ree2 31. Qg4 Qf8 32. Nxh6+ Kh7 33. Nxf7
Rxg2 34. Qe4+ 1-0

[Event "Nordic ch"]
[Site "Torshavn"]
[Date "1987.??.??"]
[Round "?"]
[White "Petursson, M"]
[Black "Mortensen, Erling"]
[Result "1-0"]
[WhiteElo "2490"]
[BlackElo "2450"]
[PlyCount "61"]
[EventDate "1987.??.??"]

1. d4 Nf6 2. c4 g6 3. Nc3 Bg7 4. e4 d6 5. f3 O-O 6. Be3 e5 7. d5 c6 8. Bd3 cxd5
9. cxd5 Ne8 10. Nge2 Bh6 11. Bf2 f5 12. exf5 gxf5 13. O-O Nd7 14. Kh1 Ndf6 15.
Bh4 Qb6 16. Qc2 e4 17. fxe4 Ng4 18. exf5 Ne3 19. Qa4 Nxf1 20. Rxf1 Nf6 21. g4
Qe3 22. Bxf6 Rxf6 23. Qd4 Qh3 24. Ng1 Qe3 25. Qxf6 Qxd3 26. Rf3 Qd2 27. Qd8+
Bf8 28. g5 b5 29. g6 Bb7 30. Qd7 Bg7 31. f6 1-0

[Event "Nordic ch"]
[Site "Torshavn"]
[Date "1987.??.??"]
[Round "?"]
[White "Petursson, M"]
[Black "Olafsson, Helgi"]
[Result "1/2-1/2"]
[WhiteElo "2490"]
[BlackElo "2540"]
[PlyCount "24"]
[EventDate "1987.??.??"]

1. d4 Nf6 2. c4 e6 3. Nf3 b6 4. g3 Ba6 5. b3 Bb7 6. Bg2 Bb4+ 7. Bd2 a5 8. O-O
O-O 9. Nc3 Ne4 10. Nxe4 Bxe4 11. Ne1 d5 12. Nc2 c5 1/2-1/2

[Event "Nordic ch"]
[Site "Torshavn"]
[Date "1987.??.??"]
[Round "?"]
[White "Petursson, M"]
[Black "Tisdall, J"]
[Result "1/2-1/2"]
[WhiteElo "2490"]
[BlackElo "2450"]
[PlyCount "88"]
[EventDate "1987.??.??"]

1. d4 Nf6 2. c4 e6 3. Nc3 Bb4 4. e3 b6 5. Nge2 Bb7 6. a3 Be7 7. d5 O-O 8. Ng3
Re8 9. Be2 exd5 10. cxd5 c5 11. e4 Bf8 12. O-O d6 13. Bb5 Nfd7 14. Nf5 a6 15.
Bd3 Ne5 16. Bc2 b5 17. f4 Ng6 18. g4 Nd7 19. g5 b4 20. axb4 cxb4 21. Ne2 Nc5
22. Neg3 b3 23. Bb1 Qb6 24. Qd4 Ne7 25. Ne3 a5 26. Nc4 Qc7 27. Bd2 a4 28. Bc3
Ba6 29. Re1 Ne6 30. dxe6 Qxc4 31. Rxa4 Qxe6 32. f5 Qc8 33. f6 Nc6 34. Qe3 g6
35. Bd3 Bxd3 36. Rxa8 Qxa8 37. Qxd3 Ne5 38. Qd1 Qa6 39. Kg2 Nd3 40. Rf1 Nc5 41.
Qd5 Qa4 42. Rf4 Ne6 43. Rf2 Nc5 44. Rf4 Ne6 1/2-1/2

[Event "Nordic ch"]
[Site "Torshavn"]
[Date "1987.??.??"]
[Round "?"]
[White "Petursson, M"]
[Black "Valkesalmi, K"]
[Result "1/2-1/2"]
[WhiteElo "2490"]
[BlackElo "2405"]
[PlyCount "138"]
[EventDate "1987.??.??"]

1. d4 f5 2. Nf3 Nf6 3. g3 g6 4. Bg2 Bg7 5. c4 O-O 6. Nc3 d6 7. O-O Qe8 8. Re1
Qf7 9. Ng5 Qxc4 10. Bf1 Qb4 11. a3 Qb6 12. e4 fxe4 13. Bc4+ Kh8 14. Nf7+ Rxf7
15. Bxf7 Bg4 16. Qa4 Bd7 17. Qc4 Nc6 18. Be3 Rf8 19. b4 a6 20. Rad1 Bg4 21. Rd2
Qa7 22. Be6 Qb8 23. Bxg4 Nxg4 24. Nxe4 Qc8 25. Ng5 Qf5 26. Ne6 d5 27. Nxg7 dxc4
28. Nxf5 Rxf5 29. Kg2 Nf6 30. Bf4 Nd5 31. Be5+ Kg8 32. f4 b5 33. Kf3 Rf8 34. h4
a5 35. bxa5 Ra8 36. Bxc7 Nxc7 37. d5 Rd8 38. Red1 Nxa5 39. d6 Ne8 40. dxe7 Rxd2
41. Rxd2 Nb3 42. Rd8 Kf7 43. Ke3 Kxe7 44. Ra8 Nc7 45. Rh8 Nd5+ 46. Ke4 Nf6+ 47.
Ke3 Ke6 48. Rb8 Nd5+ 49. Ke4 Nc3+ 50. Kf3 h5 51. g4 Nd5 52. gxh5 gxh5 53. Ke4
Nc3+ 54. Ke3 Nd5+ 55. Ke4 Nf6+ 56. Ke3 Ng4+ 57. Ke4 Nf2+ 58. Ke3 Ng4+ 59. Ke4
Nf2+ 60. Ke3 Nd1+ 61. Ke4 Nd2+ 62. Kd4 Nb3+ 63. Ke4 Nd2+ 64. Kd4 c3 65. f5+ Kd7
66. Kd3 Nc4 67. f6 Ke6 68. f7 Kxf7 69. Rxb5 Nxa3 1/2-1/2